[Event "Girls U12 Polish Youth Championship"]
[Site "chess24.com"]
[Date "2018.05.04"]
[Round "8"]
[White "Romejko, Jagoda"]
[Black "Kandula, Jasmina"]
[Result "1-0"]
[Board "25"]
[WhiteElo "1083"]
[WhiteCountry "POL"]
[WhiteFideId "21836523"]
[WhiteEloChange "12"]
[BlackElo "1143"]
[BlackCountry "POL"]
[BlackFideId "21844330"]
[BlackEloChange "-12"]

1. e4 {[%clk 1:30:57]} e5 {[%clk 1:30:59]} 2. Nf3 {[%clk 1:31:13]} Nc6 {[%clk
1:31:27]} 3. d4 {[%clk 1:31:31]} exd4 {[%clk 1:31:52]} 4. Bc4 {[%clk 1:31:43]}
Nf6 {[%clk 1:32:10]} 5. e5 {[%clk 1:32:08]} d5 {[%clk 1:32:34]} 6. Bb5 {[%clk
1:32:31]} Ne4 {[%clk 1:32:54]} 7. Nxd4 {[%clk 1:32:11]} Bc5 {[%clk 1:33:16]} 8.
O-O {[%clk 1:26:51]} Bd7 {[%clk 1:32:16]} 9. Bxc6 {[%clk 1:21:42]} bxc6 {[%clk
1:32:23]} 10. f3 {[%clk 1:11:30]} Ng5 {[%clk 1:25:18]} 11. Kh1 {[%clk 1:11:37]}
O-O {[%clk 1:22:12]} 12. Nc3 {[%clk 1:09:35]} Ne6 {[%clk 1:17:23]} 13. Be3 {[%clk
1:02:51]} Bb6 {[%clk 1:10:29]} 14. Qd2 {[%clk 1:01:45]} Qh4 {[%clk 1:04:57]} 15.
f4 {[%clk 0:48:03]} Rad8 {[%clk 0:48:38]} 16. Rad1 {[%clk 0:38:38]} Bxd4 {[%clk
0:42:31]} 17. Bxd4 {[%clk 0:38:43]} c5 {[%clk 0:42:32]} 18. Bf2 {[%clk 0:38:01]}
Qxf4 {[%clk 0:42:20]} 19. Bg3 {[%clk 0:17:52]} Qxd2 {[%clk 0:38:51]} 20. Rxd2
{[%clk 0:18:18]} Bc6 {[%clk 0:38:18]} 21. Rfd1 {[%clk 0:17:35]} d4 {[%clk
0:37:00]} 22. Ne2 {[%clk 0:16:52]} Rb8 {[%clk 0:33:51]} 23. c3 {[%clk 0:16:20]}
d3 {[%clk 0:33:35]} 24. Rxd3 {[%clk 0:15:39]} Rxb2 {[%clk 0:33:43]} 25. R3d2
{[%clk 0:15:34]} Rd8 {[%clk 0:32:35]} 26. Rxd8+ {[%clk 0:15:45]} Nf8 {[%clk
0:32:24]} 27. Nf4 {[%clk 0:14:32]} g5 {[%clk 0:31:18]} 28. Nh5 {[%clk 0:14:35]}
Rxg2 {[%clk 0:30:09]} 29. Nf6+ {[%clk 0:14:01]} Kg7 {[%clk 0:29:15]} 30. Nd5
{[%clk 0:13:57]} Rxa2 {[%clk 0:26:54]} 31. c4 {[%clk 0:12:07]} a5 {[%clk
0:26:23]} 32. Rb8 {[%clk 0:11:35]} a4 {[%clk 0:26:05]} 33. Rbb1 {[%clk 0:11:49]}
Rc2 {[%clk 0:26:12]} 34. Rbc1 {[%clk 0:11:25]} Rb2 {[%clk 0:26:33]} 35. Ra1
{[%clk 0:11:31]} Rc2 {[%clk 0:26:18]} 36. Rdc1 {[%clk 0:11:23]} Rb2 {[%clk
0:25:03]} 37. Kg1 {[%clk 0:11:49]} Ne6 {[%clk 0:25:20]} 38. Ne7 {[%clk 0:11:39]}
Nd4 {[%clk 0:22:29]} 39. Rcb1 {[%clk 0:11:07]} Ne2+ {[%clk 0:20:50]} 40. Kf1
{[%clk 0:09:52]} Bg2+ {[%clk 0:16:56]} 41. Ke1 {[%clk 0:09:52]} Rxb1+ {[%clk
0:17:21]} 42. Rxb1 {[%clk 0:10:13]} Nd4 {[%clk 0:17:21]} 43. Kf2 {[%clk 0:09:06]}
Nc2 {[%clk 0:15:18]} 44. Nf5+ {[%clk 0:08:59]} Kf8 {[%clk 0:14:58]} 45. Rb8#
{[%clk 0:09:07]} 1-0

[Event "Girls U12 Polish Youth Championship"]
[Site "chess24.com"]
[Date "2018.05.04"]
[Round "8"]
[White "Ziegert, Krystyna"]
[Black "Golinska, Patrycja"]
[Result "1-0"]
[Board "26"]
[WhiteElo "1001"]
[WhiteCountry "POL"]
[WhiteFideId "21861080"]
[WhiteEloChange "12"]
[BlackElo "1056"]
[BlackCountry "POL"]
[BlackFideId "21836744"]
[BlackEloChange "-12"]

1. e4 {[%clk 1:30:59]} e5 {[%clk 1:30:55]} 2. Nf3 {[%clk 1:30:07]} Nc6 {[%clk
1:31:14]} 3. Bc4 {[%clk 1:30:08]} Nf6 {[%clk 1:31:32]} 4. d3 {[%clk 1:30:04]} Bc5
{[%clk 1:31:29]} 5. Be3 {[%clk 1:28:59]} Bxe3 {[%clk 1:31:13]} 6. fxe3 {[%clk
1:28:55]} O-O {[%clk 1:30:57]} 7. O-O {[%clk 1:28:18]} d6 {[%clk 1:30:24]} 8.
Nbd2 {[%clk 1:22:27]} h6 {[%clk 1:28:33]} 9. Re1 {[%clk 1:19:55]} Re8 {[%clk
1:26:13]} 10. d4 {[%clk 1:19:54]} exd4 {[%clk 1:25:08]} 11. exd4 {[%clk 1:20:13]}
Bg4 {[%clk 1:24:17]} 12. h3 {[%clk 1:20:05]} Bh5 {[%clk 1:24:15]} 13. Bb5 {[%clk
1:17:53]} Bxf3 {[%clk 1:20:58]} 14. Qxf3 {[%clk 1:11:32]} Nxd4 {[%clk 1:20:37]}
15. Qd3 {[%clk 1:10:41]} Nxb5 {[%clk 1:18:19]} 16. Qxb5 {[%clk 1:10:50]} b6
{[%clk 1:18:02]} 17. a4 {[%clk 1:07:27]} Re5 {[%clk 1:15:01]} 18. Qb4 {[%clk
1:05:56]} Nh5 {[%clk 1:11:07]} 19. Nf3 {[%clk 1:03:57]} Nf4 {[%clk 1:10:33]} 20.
Nxe5 {[%clk 1:01:55]} dxe5 {[%clk 1:09:56]} 21. Qc3 {[%clk 0:52:06]} Qg5 {[%clk
1:09:18]} 22. Qf3 {[%clk 0:51:43]} Re8 {[%clk 1:08:26]} 23. Qg4 {[%clk 0:50:07]}
Qe7 {[%clk 1:05:34]} 24. Rad1 {[%clk 0:46:55]} Qc5+ {[%clk 1:05:21]} 25. Kh1
{[%clk 0:45:19]} Re6 {[%clk 1:03:51]} 26. Rd8+ {[%clk 0:39:27]} Kh7 {[%clk
1:03:40]} 27. Qf5+ {[%clk 0:39:08]} Rg6 {[%clk 1:02:02]} 28. Qxf7 {[%clk
0:24:22]} h5 {[%clk 1:00:59]} 29. Qf5 {[%clk 0:19:24]} Qf2 {[%clk 0:57:34]} 30.
Rg1 {[%clk 0:19:31]} Qg3 {[%clk 0:57:11]} 31. Qxe5 {[%clk 0:17:15]} Qh4 {[%clk
0:55:11]} 32. Qf5 {[%clk 0:16:08]} Ne2 {[%clk 0:52:52]} 33. Rd3 {[%clk 0:13:07]}
Ng3+ {[%clk 0:48:31]} 34. Rxg3 {[%clk 0:12:51]} Qxg3 {[%clk 0:48:39]} 35. e5
{[%clk 0:12:40]} Kh6 {[%clk 0:47:43]} 36. e6 {[%clk 0:11:51]} Rg5 {[%clk
0:46:34]} 37. Qe4 {[%clk 0:11:10]} Re5 {[%clk 0:46:17]} 38. Qc6 {[%clk 0:10:43]}
Re1 {[%clk 0:45:02]} 39. e7+ {[%clk 0:10:05]} Kh7 {[%clk 0:43:53]} 40. e8Q {[%clk
0:10:17]} Rxe8 {[%clk 0:43:54]} 41. Qxe8 {[%clk 0:10:37]} Qf2 {[%clk 0:44:10]}
42. Qxh5+ {[%clk 0:10:21]} Kg8 {[%clk 0:43:59]} 43. Qe8+ {[%clk 0:10:36]} Kh7
{[%clk 0:44:16]} 44. Qc6 {[%clk 0:10:55]} Qg3 {[%clk 0:44:13]} 45. Qe4+ {[%clk
0:10:33]} Kg8 {[%clk 0:44:34]} 46. Rf1 {[%clk 0:10:29]} Qd6 {[%clk 0:44:36]} 47.
Qd3 {[%clk 0:10:08]} Qe6 {[%clk 0:44:43]} 48. b3 {[%clk 0:10:18]} c5 {[%clk
0:44:59]} 49. Qc4 {[%clk 0:10:31]} Qxc4 {[%clk 0:45:08]} 50. bxc4 {[%clk
0:10:48]} 1-0

[Event "Girls U12 Polish Youth Championship"]
[Site "chess24.com"]
[Date "2018.05.05"]
[Round "9"]
[White "Oborska, Magda"]
[Black "Zabrzanska, Weronika"]
[Result "1/2-1/2"]
[Board "1"]
[WhiteElo "1336"]
[WhiteCountry "POL"]
[WhiteFideId "21852545"]
[WhiteEloChange "6"]
[BlackElo "1557"]
[BlackCountry "POL"]
[BlackFideId "21825173"]
[BlackEloChange "-6"]

1. e4 {[%clk 1:30:56]} e5 {[%clk 1:30:51]} 2. Nf3 {[%clk 1:31:16]} Nc6 {[%clk
1:31:11]} 3. Bb5 {[%clk 1:31:35]} f5 {[%clk 1:31:15]} 4. d3 {[%clk 1:31:45]} fxe4
{[%clk 1:31:13]} 5. dxe4 {[%clk 1:32:03]} Nf6 {[%clk 1:31:28]} 6. O-O {[%clk
1:31:55]} Bc5 {[%clk 1:20:56]} 7. Qd3 {[%clk 1:29:46]} d6 {[%clk 1:19:34]} 8. Qc4
{[%clk 1:27:08]} Bd7 {[%clk 1:13:18]} 9. Bg5 {[%clk 1:22:00]} a6 {[%clk 1:09:17]}
10. Bxc6 {[%clk 1:21:18]} bxc6 {[%clk 1:08:14]} 11. Nxe5 {[%clk 1:18:24]} Bxf2+
{[%clk 1:08:08]} 12. Rxf2 {[%clk 1:17:54]} dxe5 {[%clk 1:08:22]} 13. Nc3 {[%clk
1:17:06]} Qe7 {[%clk 1:04:50]} 14. Raf1 {[%clk 1:15:25]} Rf8 {[%clk 1:00:49]} 15.
Qe2 {[%clk 1:10:12]} Kd8 {[%clk 0:36:27]} 16. Qe3 {[%clk 1:04:20]} Kc8 {[%clk
0:33:46]} 17. Bxf6 {[%clk 1:01:02]} Rxf6 {[%clk 0:33:37]} 18. Rxf6 {[%clk
1:00:30]} gxf6 {[%clk 0:33:59]} 19. Na4 {[%clk 0:55:06]} Be8 {[%clk 0:22:52]} 20.
Nc5 {[%clk 0:52:39]} a5 {[%clk 0:15:54]} 21. Qh3+ {[%clk 0:51:37]} Bd7 {[%clk
0:15:31]} 22. Nxd7 {[%clk 0:51:10]} Qxd7 {[%clk 0:15:56]} 23. Qxd7+ {[%clk
0:49:59]} Kxd7 {[%clk 0:16:21]} 24. Rxf6 {[%clk 0:50:14]} Rb8 {[%clk 0:16:35]}
25. b3 {[%clk 0:50:23]} Rb4 {[%clk 0:16:27]} 26. c4 {[%clk 0:49:24]} a4 {[%clk
0:16:33]} 27. Rf3 {[%clk 0:49:38]} axb3 {[%clk 0:16:07]} 28. axb3 {[%clk
0:49:58]} Rb8 {[%clk 0:13:51]} 29. g4 {[%clk 0:49:48]} Rg8 {[%clk 0:13:28]} 30.
h3 {[%clk 0:46:36]} Ke6 {[%clk 0:12:52]} 31. Kf2 {[%clk 0:45:52]} c5 {[%clk
0:10:15]} 32. Kg3 {[%clk 0:43:01]} Rg7 {[%clk 0:08:46]} 33. h4 {[%clk 0:42:27]}
h5 {[%clk 0:08:47]} 34. g5 {[%clk 0:42:07]} Rg6 {[%clk 0:09:03]} 35. Rd3 {[%clk
0:40:17]} Rg8 {[%clk 0:07:21]} 36. Rd5 {[%clk 0:39:20]} Rb8 {[%clk 0:07:20]} 37.
Rd3 {[%clk 0:39:05]} Rg8 {[%clk 0:07:04]} 1/2-1/2

[Event "Girls U12 Polish Youth Championship"]
[Site "chess24.com"]
[Date "2018.05.05"]
[Round "9"]
[White "Starosta, Martyna"]
[Black "Tokarz, Izabela"]
[Result "1/2-1/2"]
[Board "2"]
[WhiteElo "1607"]
[WhiteTitle "WCM"]
[WhiteCountry "POL"]
[WhiteFideId "21818754"]
[WhiteEloChange "-7"]
[BlackElo "1337"]
[BlackCountry "POL"]
[BlackFideId "21849170"]
[BlackEloChange "7"]

1. e4 {[%clk 1:30:57]} c5 {[%clk 1:30:53]} 2. Nf3 {[%clk 1:31:21]} d6 {[%clk
1:30:59]} 3. d4 {[%clk 1:31:46]} cxd4 {[%clk 1:31:19]} 4. Qxd4 {[%clk 1:32:02]}
Nc6 {[%clk 1:30:30]} 5. Bb5 {[%clk 1:32:25]} Bd7 {[%clk 1:30:16]} 6. Bxc6 {[%clk
1:32:47]} Bxc6 {[%clk 1:30:33]} 7. Nc3 {[%clk 1:33:08]} Nf6 {[%clk 1:26:28]} 8.
Bg5 {[%clk 1:33:29]} e6 {[%clk 1:24:28]} 9. O-O-O {[%clk 1:33:45]} Be7 {[%clk
1:23:41]} 10. Rhe1 {[%clk 1:33:56]} O-O {[%clk 1:17:16]} 11. Kb1 {[%clk 1:34:13]}
h6 {[%clk 1:11:30]} 12. Bh4 {[%clk 1:33:57]} Nxe4 {[%clk 0:57:47]} 13. Rxe4
{[%clk 1:26:45]} Bxe4 {[%clk 0:58:07]} 14. Qxe4 {[%clk 1:26:30]} Bxh4 {[%clk
0:58:26]} 15. Nxh4 {[%clk 1:24:51]} d5 {[%clk 0:58:42]} 16. Qg4 {[%clk 1:21:29]}
Qf6 {[%clk 0:55:11]} 17. Nf3 {[%clk 1:20:19]} Rfb8 {[%clk 0:52:12]} 18. Rd4
{[%clk 1:14:46]} b5 {[%clk 0:51:14]} 19. Rf4 {[%clk 1:10:39]} Qe7 {[%clk
0:51:01]} 20. Ne5 {[%clk 1:08:39]} Rf8 {[%clk 0:47:00]} 21. Nxb5 {[%clk 0:45:43]}
Qc5 {[%clk 0:45:52]} 22. Nc3 {[%clk 0:41:27]} f5 {[%clk 0:32:17]} 23. Qh5 {[%clk
0:31:48]} Qd6 {[%clk 0:28:09]} 24. Nd3 {[%clk 0:29:51]} Rab8 {[%clk 0:27:25]} 25.
g4 {[%clk 0:25:14]} e5 {[%clk 0:24:49]} 26. Rxf5 {[%clk 0:23:25]} Rxf5 {[%clk
0:25:08]} 27. Qxf5 {[%clk 0:23:17]} e4 {[%clk 0:24:56]} 28. Nc1 {[%clk 0:21:32]}
Rf8 {[%clk 0:23:02]} 29. Qxd5+ {[%clk 0:20:46]} Qxd5 {[%clk 0:23:25]} 30. Nxd5
{[%clk 0:21:10]} Rxf2 {[%clk 0:23:47]} 31. Ne7+ {[%clk 0:18:26]} Kf7 {[%clk
0:24:07]} 32. Nf5 {[%clk 0:17:43]} Kf6 {[%clk 0:24:08]} 33. c4 {[%clk 0:15:58]}
g6 {[%clk 0:22:03]} 34. Nd4 {[%clk 0:13:41]} e3 {[%clk 0:20:22]} 35. h4 {[%clk
0:12:03]} Ke5 {[%clk 0:19:50]} 36. Nce2 {[%clk 0:11:47]} Ke4 {[%clk 0:17:04]} 37.
Kc2 {[%clk 0:11:17]} Rh2 {[%clk 0:17:20]} 38. c5 {[%clk 0:09:16]} Kd5 {[%clk
0:17:06]} 39. c6 {[%clk 0:09:31]} Kd6 {[%clk 0:17:21]} 40. Kd3 {[%clk 0:08:33]}
Rxh4 {[%clk 0:17:33]} 41. g5 {[%clk 0:07:26]} 1/2-1/2

[Event "Girls U12 Polish Youth Championship"]
[Site "chess24.com"]
[Date "2018.05.05"]
[Round "9"]
[White "Pawicka, Magdalena"]
[Black "Mroz, Lena"]
[Result "0-1"]
[Board "3"]
[WhiteElo "1789"]
[WhiteCountry "POL"]
[WhiteFideId "21836507"]
[WhiteEloChange "-17"]
[BlackElo "1501"]
[BlackCountry "POL"]
[BlackFideId "21830916"]
[BlackEloChange "17"]

1. e4 {[%clk 1:30:57]} c5 {[%clk 1:30:51]} 2. Nf3 {[%clk 1:31:20]} Nc6 {[%clk
1:31:16]} 3. d4 {[%clk 1:31:33]} cxd4 {[%clk 1:31:36]} 4. Nxd4 {[%clk 1:31:55]}
Qb6 {[%clk 1:31:50]} 5. Nb3 {[%clk 1:30:40]} Nf6 {[%clk 1:31:51]} 6. Nc3 {[%clk
1:30:28]} e6 {[%clk 1:31:55]} 7. Be3 {[%clk 1:28:25]} Qc7 {[%clk 1:31:39]} 8. Bd3
{[%clk 1:22:58]} d6 {[%clk 1:31:10]} 9. O-O {[%clk 1:21:02]} Be7 {[%clk 1:28:13]}
10. a4 {[%clk 1:15:58]} b6 {[%clk 1:26:44]} 11. a5 {[%clk 1:10:53]} bxa5 {[%clk
1:23:57]} 12. Bb5 {[%clk 1:06:53]} O-O {[%clk 1:21:29]} 13. Bxc6 {[%clk 1:04:27]}
Qxc6 {[%clk 1:21:23]} 14. Nxa5 {[%clk 1:03:53]} Qd7 {[%clk 1:21:02]} 15. Qd3
{[%clk 0:57:50]} Rb8 {[%clk 1:19:18]} 16. Nb3 {[%clk 0:55:29]} a6 {[%clk
1:18:33]} 17. Rfd1 {[%clk 0:47:42]} Rd8 {[%clk 1:13:18]} 18. f3 {[%clk 0:42:34]}
Qc7 {[%clk 1:11:33]} 19. Qe2 {[%clk 0:38:54]} Bb7 {[%clk 1:06:14]} 20. Qf2 {[%clk
0:38:11]} Re8 {[%clk 0:47:41]} 21. Bb6 {[%clk 0:34:57]} Qc8 {[%clk 0:44:52]} 22.
Na4 {[%clk 0:29:38]} Nd7 {[%clk 0:41:49]} 23. Ba7 {[%clk 0:25:57]} Ra8 {[%clk
0:41:59]} 24. Nb6 {[%clk 0:26:16]} Nxb6 {[%clk 0:42:04]} 25. Bxb6 {[%clk
0:26:18]} Bc6 {[%clk 0:37:25]} 26. Rd3 {[%clk 0:24:49]} Qd7 {[%clk 0:34:33]} 27.
Na5 {[%clk 0:21:55]} Rec8 {[%clk 0:34:13]} 28. Nxc6 {[%clk 0:20:47]} Rxc6 {[%clk
0:34:10]} 29. Bd4 {[%clk 0:18:38]} Rac8 {[%clk 0:32:46]} 30. Rc3 {[%clk 0:17:55]}
Rxc3 {[%clk 0:32:32]} 31. Bxc3 {[%clk 0:18:11]} Qc6 {[%clk 0:31:39]} 32. Qe2
{[%clk 0:17:27]} Ra8 {[%clk 0:31:00]} 33. Kh1 {[%clk 0:17:04]} h6 {[%clk
0:30:11]} 34. Qd3 {[%clk 0:16:42]} Qb6 {[%clk 0:27:56]} 35. Qd2 {[%clk 0:16:21]}
Qb5 {[%clk 0:27:34]} 36. Qe1 {[%clk 0:15:39]} f6 {[%clk 0:24:53]} 37. h3 {[%clk
0:15:12]} d5 {[%clk 0:24:47]} 38. exd5 {[%clk 0:15:20]} Qxd5 {[%clk 0:25:10]} 39.
Qe2 {[%clk 0:13:56]} Qc6 {[%clk 0:25:21]} 40. Ba5 {[%clk 0:12:32]} Rb8 {[%clk
0:24:24]} 41. Bc3 {[%clk 0:12:37]} Ra8 {[%clk 0:24:49]} 42. f4 {[%clk 0:11:02]}
Qd6 {[%clk 0:23:18]} 43. Re1 {[%clk 0:11:05]} Kf7 {[%clk 0:22:45]} 44. Qh5+
{[%clk 0:10:42]} Kg8 {[%clk 0:22:42]} 45. Qe2 {[%clk 0:10:51]} Kf7 {[%clk
0:23:04]} 46. Qc4 {[%clk 0:10:45]} g6 {[%clk 0:22:38]} 47. Qe2 {[%clk 0:10:03]}
a5 {[%clk 0:22:31]} 48. Qf3 {[%clk 0:08:17]} Ra6 {[%clk 0:22:23]} 49. Rd1 {[%clk
0:08:14]} Qc7 {[%clk 0:21:45]} 50. Qd3 {[%clk 0:08:10]} Rd6 {[%clk 0:21:27]} 51.
Qf3 {[%clk 0:07:43]} Rxd1+ {[%clk 0:21:18]} 52. Qxd1 {[%clk 0:08:06]} Qxf4 {[%clk
0:21:20]} 53. Qd2 {[%clk 0:06:51]} Qxd2 {[%clk 0:19:22]} 54. Bxd2 {[%clk
0:07:13]} a4 {[%clk 0:19:10]} 55. Kg1 {[%clk 0:07:05]} e5 {[%clk 0:19:01]} 56.
Kf2 {[%clk 0:07:12]} a3 {[%clk 0:18:17]} 57. bxa3 {[%clk 0:07:15]} Bxa3 {[%clk
0:18:41]} 58. Ke3 {[%clk 0:07:10]} Ke6 {[%clk 0:18:17]} 59. Kd3 {[%clk 0:07:18]}
h5 {[%clk 0:18:01]} 60. Bc3 {[%clk 0:06:11]} f5 {[%clk 0:17:58]} 61. Ke3 {[%clk
0:05:29]} Kd5 {[%clk 0:18:14]} 62. Ba1 {[%clk 0:04:55]} e4 {[%clk 0:18:03]} 63.
g4 {[%clk 0:03:58]} hxg4 {[%clk 0:18:01]} 64. hxg4 {[%clk 0:04:23]} Bc1+ {[%clk
0:18:26]} 65. Ke2 {[%clk 0:04:10]} f4 {[%clk 0:18:42]} 66. Bg7 {[%clk 0:04:15]}
Kc4 {[%clk 0:18:09]} 67. Bf6 {[%clk 0:04:17]} Be3 {[%clk 0:16:38]} 68. c3 {[%clk
0:04:02]} Kb3 {[%clk 0:16:44]} 69. Be5 {[%clk 0:03:51]} Kc4 {[%clk 0:16:11]} 70.
Bf6 {[%clk 0:03:21]} Bc5 {[%clk 0:16:28]} 71. Be5 {[%clk 0:03:22]} f3+ {[%clk
0:16:38]} 72. Kd2 {[%clk 0:03:28]} e3+ {[%clk 0:16:45]} 73. Ke1 {[%clk 0:03:17]}
Kd3 {[%clk 0:17:07]} 74. g5 {[%clk 0:03:25]} f2+ {[%clk 0:17:28]} 75. Kf1 {[%clk
0:03:45]} e2+ {[%clk 0:17:53]} 76. Kg2 {[%clk 0:04:06]} f1Q+ {[%clk 0:18:13]} 0-1

[Event "Girls U12 Polish Youth Championship"]
[Site "chess24.com"]
[Date "2018.05.05"]
[Round "9"]
[White "Kowalczyk, Barbara"]
[Black "Gaj, Magdalena"]
[Result "1-0"]
[Board "4"]
[WhiteElo "1261"]
[WhiteCountry "POL"]
[WhiteFideId "21837317"]
[WhiteEloChange "17"]
[BlackElo "1585"]
[BlackCountry "POL"]
[BlackFideId "21804397"]
[BlackEloChange "-17"]

1. e4 {[%clk 1:30:59]} c5 {[%clk 1:30:54]} 2. c3 {[%clk 1:31:25]} d5 {[%clk
1:31:20]} 3. exd5 {[%clk 1:31:50]} Qxd5 {[%clk 1:31:46]} 4. d4 {[%clk 1:32:16]}
e5 {[%clk 1:31:55]} 5. dxe5 {[%clk 1:32:39]} Qxd1+ {[%clk 1:32:21]} 6. Kxd1
{[%clk 1:33:01]} Nc6 {[%clk 1:32:41]} 7. f4 {[%clk 1:31:56]} f6 {[%clk 1:33:03]}
8. Bb5 {[%clk 1:31:15]} Bg4+ {[%clk 1:28:28]} 9. Ke1 {[%clk 1:27:14]} O-O-O
{[%clk 1:20:52]} 10. Nf3 {[%clk 1:19:17]} Be7 {[%clk 1:12:54]} 11. Kf2 {[%clk
1:13:37]} Rd5 {[%clk 0:56:46]} 12. Nbd2 {[%clk 1:08:08]} fxe5 {[%clk 0:52:42]}
13. Bxc6 {[%clk 1:06:27]} bxc6 {[%clk 0:53:00]} 14. Nxe5 {[%clk 1:06:47]} Nf6
{[%clk 0:45:30]} 15. Nxc6 {[%clk 1:07:04]} Bd6 {[%clk 0:45:07]} 16. Re1 {[%clk
1:05:55]} Rf8 {[%clk 0:41:59]} 17. Ne4 {[%clk 1:04:13]} Nxe4+ {[%clk 0:32:39]}
18. Rxe4 {[%clk 1:04:28]} g5 {[%clk 0:31:50]} 19. Ne7+ {[%clk 1:04:35]} Bxe7
{[%clk 0:32:10]} 20. Rxe7 {[%clk 1:04:57]} gxf4 {[%clk 0:31:15]} 21. Rxa7 {[%clk
1:05:02]} Kb8 {[%clk 0:29:51]} 22. Rxh7 {[%clk 1:05:19]} Re5 {[%clk 0:21:27]} 23.
h3 {[%clk 0:57:05]} Re2+ {[%clk 0:17:37]} 24. Kf1 {[%clk 0:56:14]} f3 {[%clk
0:11:57]} 25. hxg4 {[%clk 0:55:53]} f2 {[%clk 0:11:52]} 26. Bf4+ {[%clk 0:56:09]}
Rxf4 {[%clk 0:12:13]} 27. Kxe2 {[%clk 0:56:27]} Rxg4 {[%clk 0:11:44]} 28. Kxf2
{[%clk 0:56:50]} 1-0

[Event "Girls U12 Polish Youth Championship"]
[Site "chess24.com"]
[Date "2018.05.05"]
[Round "9"]
[White "Barwinska, Ewa"]
[Black "Kucharska, Helena"]
[Result "0-1"]
[Board "5"]
[WhiteElo "1517"]
[WhiteCountry "POL"]
[WhiteFideId "21833761"]
[WhiteEloChange "-17"]
[BlackElo "1247"]
[BlackCountry "POL"]
[BlackFideId "1195760"]
[BlackEloChange "17"]

1. e4 {[%clk 1:30:46]} e6 {[%clk 1:30:50]} 2. d4 {[%clk 1:30:40]} d5 {[%clk
1:31:07]} 3. Nc3 {[%clk 1:30:44]} Nf6 {[%clk 1:31:26]} 4. e5 {[%clk 1:30:34]}
Nfd7 {[%clk 1:31:49]} 5. f4 {[%clk 1:30:32]} c5 {[%clk 1:32:11]} 6. Nf3 {[%clk
1:29:55]} Nc6 {[%clk 1:32:31]} 7. Be3 {[%clk 1:29:30]} cxd4 {[%clk 1:32:49]} 8.
Nxd4 {[%clk 1:28:08]} Bc5 {[%clk 1:33:02]} 9. Nxc6 {[%clk 1:27:08]} bxc6 {[%clk
1:33:08]} 10. Bxc5 {[%clk 1:26:21]} Nxc5 {[%clk 1:33:26]} 11. Bd3 {[%clk
1:23:36]} Qb6 {[%clk 1:31:57]} 12. Rb1 {[%clk 1:18:03]} O-O {[%clk 1:30:47]} 13.
Qd2 {[%clk 1:16:30]} f6 {[%clk 1:10:34]} 14. exf6 {[%clk 1:15:40]} Rxf6 {[%clk
1:10:23]} 15. b4 {[%clk 1:13:09]} Nxd3+ {[%clk 1:10:21]} 16. cxd3 {[%clk
1:12:52]} Qd4 {[%clk 1:09:51]} 17. Ne2 {[%clk 1:12:33]} Qb6 {[%clk 1:09:31]} 18.
d4 {[%clk 1:10:51]} Ba6 {[%clk 1:09:27]} 19. a4 {[%clk 1:09:54]} Bxe2 {[%clk
1:06:46]} 20. Kxe2 {[%clk 1:09:40]} Qa6+ {[%clk 1:07:04]} 21. b5 {[%clk 1:09:24]}
Qxa4 {[%clk 1:07:09]} 22. bxc6 {[%clk 1:09:32]} Qxc6 {[%clk 1:07:30]} 23. Rhc1
{[%clk 1:09:11]} Qa6+ {[%clk 1:07:20]} 24. Ke3 {[%clk 1:08:46]} Rff8 {[%clk
1:04:42]} 25. g3 {[%clk 1:08:19]} Rfc8 {[%clk 1:04:11]} 26. Rxc8+ {[%clk
1:08:22]} Rxc8 {[%clk 1:04:35]} 27. Qd3 {[%clk 1:07:58]} Qa5 {[%clk 1:03:40]} 28.
Qd2 {[%clk 1:07:08]} Qa3+ {[%clk 1:03:02]} 29. Kf2 {[%clk 1:07:01]} Qa4 {[%clk
1:03:03]} 30. Rb2 {[%clk 1:07:08]} Qc4 {[%clk 0:57:19]} 31. Qe3 {[%clk 1:05:40]}
Qc6 {[%clk 0:57:02]} 32. Re2 {[%clk 1:05:48]} Re8 {[%clk 0:57:10]} 33. f5 {[%clk
1:01:14]} Kf7 {[%clk 0:55:53]} 34. Qf3 {[%clk 0:59:10]} Rf8 {[%clk 0:46:50]} 35.
Kg2 {[%clk 0:57:37]} Kg8 {[%clk 0:46:06]} 36. Qa3 {[%clk 0:55:45]} Qc4 {[%clk
0:34:28]} 37. Qa2 {[%clk 0:45:38]} exf5 {[%clk 0:23:59]} 38. Qxc4 {[%clk
0:45:12]} dxc4 {[%clk 0:24:22]} 39. Re7 {[%clk 0:45:10]} Ra8 {[%clk 0:24:01]} 40.
Rc7 {[%clk 0:45:18]} a5 {[%clk 0:24:03]} 41. Rxc4 {[%clk 0:44:19]} a4 {[%clk
0:24:22]} 42. d5 {[%clk 0:43:57]} Kf8 {[%clk 0:17:46]} 43. Kf3 {[%clk 0:43:00]}
a3 {[%clk 0:17:40]} 44. Rc1 {[%clk 0:43:03]} a2 {[%clk 0:17:47]} 45. Ra1 {[%clk
0:43:30]} Ke7 {[%clk 0:18:03]} 46. Ke2 {[%clk 0:43:45]} Kd6 {[%clk 0:18:22]} 47.
Kd2 {[%clk 0:44:09]} Kxd5 {[%clk 0:18:39]} 48. Kd3 {[%clk 0:44:27]} Ra3+ {[%clk
0:18:43]} 49. Kd2 {[%clk 0:44:49]} Kd4 {[%clk 0:18:42]} 0-1

[Event "Girls U12 Polish Youth Championship"]
[Site "chess24.com"]
[Date "2018.05.05"]
[Round "9"]
[White "Dallemura, Anna"]
[Black "Scisla, Oliwia"]
[Result "1-0"]
[Board "6"]
[WhiteElo "1268"]
[WhiteCountry "POL"]
[WhiteFideId "21823022"]
[WhiteEloChange "15"]
[BlackElo "1469"]
[BlackCountry "POL"]
[BlackFideId "21820465"]
[BlackEloChange "-15"]

1. e4 {[%clk 1:30:59]} c6 {[%clk 1:30:57]} 2. d4 {[%clk 1:30:39]} d5 {[%clk
1:31:01]} 3. Nc3 {[%clk 1:30:24]} dxe4 {[%clk 1:30:43]} 4. Nxe4 {[%clk 1:30:46]}
Bf5 {[%clk 1:30:41]} 5. Ng3 {[%clk 1:30:43]} Bg6 {[%clk 1:30:44]} 6. h4 {[%clk
1:30:38]} h6 {[%clk 1:30:42]} 7. Nf3 {[%clk 1:30:49]} Nd7 {[%clk 1:30:36]} 8. h5
{[%clk 1:31:05]} Bh7 {[%clk 1:30:34]} 9. Bd3 {[%clk 1:31:18]} Bxd3 {[%clk
1:30:42]} 10. Qxd3 {[%clk 1:31:36]} e6 {[%clk 1:29:43]} 11. Bd2 {[%clk 1:31:03]}
Qc7 {[%clk 1:28:51]} 12. O-O-O {[%clk 1:29:20]} Ngf6 {[%clk 1:28:07]} 13. Ne4
{[%clk 1:28:18]} Nxe4 {[%clk 1:27:36]} 14. Qxe4 {[%clk 1:28:31]} Nf6 {[%clk
1:27:51]} 15. Qe2 {[%clk 1:28:20]} O-O-O {[%clk 1:27:27]} 16. c3 {[%clk 1:28:06]}
Bd6 {[%clk 1:25:37]} 17. g3 {[%clk 1:27:43]} c5 {[%clk 1:23:50]} 18. Be3 {[%clk
1:17:01]} Ng4 {[%clk 1:19:55]} 19. dxc5 {[%clk 1:04:25]} Bxc5 {[%clk 1:19:10]}
20. Bd4 {[%clk 0:57:52]} Bxd4 {[%clk 1:16:57]} 21. Rxd4 {[%clk 0:55:51]} Rxd4
{[%clk 1:17:09]} 22. Nxd4 {[%clk 0:56:14]} Nf6 {[%clk 1:17:02]} 23. Nb5 {[%clk
0:49:23]} Qb6 {[%clk 1:14:50]} 24. Qc4+ {[%clk 0:48:12]} Kd7 {[%clk 1:10:26]} 25.
Qa4 {[%clk 0:39:44]} Qc6 {[%clk 1:09:21]} 26. Rd1+ {[%clk 0:36:42]} Nd5 {[%clk
1:09:19]} 27. Qb3 {[%clk 0:36:06]} a6 {[%clk 1:08:29]} 28. Nd4 {[%clk 0:35:32]}
Qc7 {[%clk 1:08:42]} 29. Nf5 {[%clk 0:33:51]} Qe5 {[%clk 1:05:28]} 30. Qxb7+
{[%clk 0:30:12]} Qc7 {[%clk 1:00:11]} 31. Qxa6 {[%clk 0:26:26]} Rc8 {[%clk
0:50:26]} 32. Qa3 {[%clk 0:23:22]} Qe5 {[%clk 0:39:19]} 33. Ne3 {[%clk 0:13:08]}
Qxh5 {[%clk 0:36:32]} 34. Qa5 {[%clk 0:11:53]} Kd6 {[%clk 0:30:59]} 35. c4 {[%clk
0:04:34]} Qg5 {[%clk 0:30:24]} 36. Kb1 {[%clk 0:03:57]} Qg6+ {[%clk 0:28:56]} 37.
Ka1 {[%clk 0:03:56]} Rc5 {[%clk 0:27:48]} 38. Qd8+ {[%clk 0:03:39]} Ke5 {[%clk
0:27:31]} 39. cxd5 {[%clk 0:03:33]} Qh5 {[%clk 0:27:12]} 40. dxe6 {[%clk
0:03:07]} fxe6 {[%clk 0:26:53]} 41. Qd4# {[%clk 0:03:15]} 1-0